La calidad de la educación como determinante del progreso de los países y la calidad del profesorado como determinante de la calidad de la educación (Record no. 192911)

MARC details
000 -CABECERA
campo de control de longitud fija 01683nab a2200289 a 4500
005 - FECHA Y HORA DE LA ÚLTIMA TRANSACCIÓN
campo de control 20210219163340.0
008 - ELEMENTOS DE LONGITUD FIJA--INFORMACIÓN GENERAL
campo de control de longitud fija 991125s1985 mx 000 0 spa u
035 ## - NÚMERO DE CONTROL DEL SISTEMA
Número de control de sistema UPN01000220812
049 ## - COLECCIÓN
Colección ART
100 1# - ASIENTO PRINCIPAL--NOMBRE PERSONAL
Nombre de persona Aparicio, Juan José
100 1# - ASIENTO PRINCIPAL--NOMBRE PERSONAL
Filiación jjaparic@ucm.es
100 1# - ASIENTO PRINCIPAL--NOMBRE PERSONAL
Nombre de persona Rodríguez Moneo, María
222 #0 - TÍTULO CLAVE
Título clave TARBIYA : REVISTA DE INVESTIGACION E INNOVACION EDUCATIVA
245 03 - MENCIÓN DE TÍTULO
Título La calidad de la educación como determinante del progreso de los países y la calidad del profesorado como determinante de la calidad de la educación
260 ## - PUBLICACIÓN, DISTRIBUCIÓN, ETC.
Lugar de publicación, distribución, etc. Madrid, España
300 ## - DESCRIPCIÓN FÍSICA
Extensión 41-66
362 0# - FECHAS DE PUBLICACIÓN Y/O DESIGNACIÓN SECUENCIAL
Fecha de publicación y/o designación secuencial 2016 Número 44
520 3# - NOTA DE RESUMEN, ETC.
Sumario, etc. En el presente artículo se hace una breve revisión de las principales investigaciones que demuestran que no es la educación en general, sino únicamente la calidad de la enseñanza lo que da lugar al progreso económico y social, tanto de los individuos como de las sociedades en su conjunto. Se pasa luego a hacer un análisis en profundidad de los posibles factores que determinan una enseñanza de calidad para llegar a resolver que la calidad de la enseñanza depende de la calidad del profesor y no de otros factores como el aumento del gasto. A continuación se expone lo que es un profesor de calidad y cómo se logra que un sistema educativo cuente con profesores de calidad
653 0# - TERMINO DE INDIZACION - NO CONTROLADO
Término no controlado CALIDAD EDUCATIVA
653 0# - TERMINO DE INDIZACION - NO CONTROLADO
Término no controlado CALIDAD DEL PROFESORADO
653 0# - TERMINO DE INDIZACION - NO CONTROLADO
Término no controlado DESARROLLO ECONOMICO
653 0# - TERMINO DE INDIZACION - NO CONTROLADO
Término no controlado DESARROLLO SOCIAL
653 0# - TERMINO DE INDIZACION - NO CONTROLADO
Término no controlado COMPETENCIAS DOCENTES
856 4# - LOCALIZACIÓN Y ACCESO ELECTRÓNICOS
Identificador Uniforme del Recurso <a href="https://revistas.uam.es/tarbiya/article/view/6801/Tarbiya%2044_03">https://revistas.uam.es/tarbiya/article/view/6801/Tarbiya%2044_03</a>
856 4# - LOCALIZACIÓN Y ACCESO ELECTRÓNICOS
Identificador Uniforme del Recurso <a href="DOI: http://dx.doi.org/10.15366/tarbiya2016.44">DOI: http://dx.doi.org/10.15366/tarbiya2016.44</a>
905 ## - TIPO DE MATERIAL
Tipo de material Articulo

No items available.